| 000 | 01272cam a2200373 4500 | ||
|---|---|---|---|
| 999 |
_c24179 _d24179 |
||
| 001 | vtls012238498 | ||
| 005 | 20260506101606.0 | ||
| 008 | 230905s2023 xo g 010 f slo | ||
| 020 |
_a9788022025485 _q(viazané) |
||
| 040 |
_aSNK _bslo _cSNK _erda |
||
| 041 | 1 |
_aslo _heng |
|
| 044 |
_axo _cSK |
||
| 072 | 7 |
_a821.111(73)-3 _xAmerická próza _2konspekt |
|
| 080 |
_a821.111(73)-31 _22011 |
||
| 080 |
_a(0:82-312.5) _22011 |
||
| 100 | 1 |
_aBiller, Diana _4aut _95515 |
|
| 240 | 1 | 0 |
_aHotel of secrets _lSlovensky |
| 245 | 1 | 0 |
_aHotel plný tajomstiev _cDiana Biller ; z anglického originálu Hotel of secrets ... preložila Zuzana Therová |
| 250 | _aPrvé vydanie | ||
| 264 | 1 |
_aBratislava _bSlovenský spisovateľ _c2023 |
|
| 300 |
_a431 strán _c21 cm |
||
| 336 |
_atext _btxt _2rdacontent |
||
| 337 |
_abez média _bn _2rdamedia |
||
| 338 |
_azväzok _bnc _2rdacarrier |
||
| 500 | _aObsahuje stručné biografické údaje o autorke na zadnej strane obálky | ||
| 655 | 7 |
_aamerické romány _2SNKPH _92 |
|
| 655 | 7 |
_aľúbostné romány _2SNKPH _913 |
|
| 655 | 7 |
_aAmerican novels _2SNKPHeng _91670 |
|
| 655 | 7 |
_aLove novels _2SNKPHeng _91667 |
|
| 700 | 1 |
_aTherová, Zuzana _4trl _95516 |
|
| 958 | _aLX | ||
| 958 | _aUP | ||